00813nam a2200217 a 4500001001000000003000500010005001700015008004100032010001100073011001100084040000900095100003500104245012400139260004100263500006000304502008400364650002400448650002500472650002800497856007000525000111223CHAP20220329144203.0150120s2014 mx a fsm |||||||spa d a107685 a108657 cCHAP1 aXelhuantzin Carmona, Jaqueline10aSucesión ecológica en áreas perturbadas por incendios forestalesh[En línea]cpor Jaqueline Xelhuantzi Carmona. aChapingo, Méx. :bEl autor,c2014. aPara ver el contenido del material haga clic en la liga aTesis (M. C. en Ciencias Forestales) -- UACH. División de Ciencias Forestales14aBosquesxIncendios.14aEcología forestal.14aSucesión ecológica. aFinding aiduhttp://10.13.5.2/tesis/sist111223.pdfzTeclea aquí